2025-26 EFL League Two Table - Statistics

General Stats
  • This quiz has been taken 12 times
  • The average score is 14 of 24
Answer Stats
Place Points Team % Correct
24 36 Barrow
91%
23 39 Harrogate Town
91%
5 80 Notts County
82%
12 66 Colchester United
73%
2 86 Milton Keynes Dons
73%
4 81 Salford City
73%
3 82 Cambridge United
64%
6 79 Chesterfield
64%
17 53 Gillingham
64%
7 78 Grimsby Town
64%
21 41 Tranmere Rovers
64%
13 65 Walsall
64%
8 76 Barnet
55%
14 62 Bristol City
55%
1 87 Bromley
55%
18 52 Cheltenham Town
55%
11 67 Crewe Alexandra
55%
9 75 Swindon Town
55%
16 53 Accrington Stanley
45%
22 40 Crawley Town
45%
15 61 Fleetwood Town
45%
19 49 Shrewsbury Town
36%
10 68 Oldham Athletic
27%
20 43 Newport News
0%
No matching quizzes found
Score Distribution
Percent of People with Each Score
Percentile by Number Answered
Your Score History
You have not taken this quiz